书目信息 |
| 题名: |
民商法典型案例解评
|
|
| 作者: | 刘国福 , 管建国 编著 | |
| 分册: | ||
| 出版信息: | 北京 法律出版社 1997.01 |
|
| 页数: | 413页 | |
| 开本: | 32开 | |
| 丛书名: | ||
| 单 册: | ||
| 中图分类: | D913 | |
| 科图分类: | ||
| 主题词: | 法学--部门 | |
| 电子资源: | ||
| ISBN: | 7-5036-1941-4 | |
| 000 | 00578nam0 2200193 45 | |
| 001 | 0010051083 | |
| 005 | 20061213155450.67 | |
| 010 | @a7-5036-1941-4@d17.80元 | |
| 100 | @a20001005d1997 km y0chiy0120 ea | |
| 101 | 0 | @achi |
| 200 | 1 | @a民商法典型案例解评@AMin Shang Fa Dian Xing An Li Jie Ping@f刘国福,管建国编著@FLiu Guo Fu,Guan Jian Guo Bian Zhu |
| 210 | @a北京@c法律出版社@d1997.01 | |
| 215 | @a413页@d32开 | |
| 606 | 0 | @a法学@x部门 |
| 690 | @aD913@v3 | |
| 701 | 0 | @a刘国福@4编著 |
| 701 | 0 | @a管建国@4编著 |
| 801 | @aCN@bPftUser@c20061213 | |
| 905 | @b166486-488@dD913@eL281@f3 | |
| 民商法典型案例解评/刘国福,管建国编著.-北京:法律出版社,1997.01 |
| 413页;32开 |
| ISBN 7-5036-1941-4:17.80元 |
| ● |
| 相关链接 |
|
|
|
正题名:民商法典型案例解评
索取号:D913/L281
 
预约/预借
| 序号 | 登录号 | 条形码 | 馆藏地/架位号 | 状态 | 备注 |
| 1 | 166486 | 201664868 | 社科库509/509社科库 81排4列6层/ [索取号:D913/L281] | 在馆 | |
| 2 | 166487 | 201664877 | 社科库509/509社科库 81排4列6层/ [索取号:D913/L281] | 在馆 | |
| 3 | 166488 | 201664886 | 社科库509/509社科库 81排4列6层/ [索取号:D913/L281] | 在馆 | |
| 4 | 444089 | 204440890 | 管理学院资料室/ [索取号:D913/L281] | 在馆 |